José Ortega y Gasset y la antropología social /

Detalles Bibliográficos
Autor principal: Haro Honrubia, Alejandro de (Autor)
Formato: Electrónico eBook
Lenguaje:español
Publicado: Madrid : Dykinson, S.L., [2025]
Materias:
Acceso en línea:Digitalia Hispánica

MARC

LEADER 00000nam a2200000 i 4500
001 DIGDYK4204
003 NyNyDIG
007 cr |||||||||||
008 251106s2025 sp ob 000 0 spa d
006 m o d
035 |a (OCoLC)1528346480 
040 |a DGITA  |b eng  |e rda  |e pn  |c DGITA 
020 |a 9791370063566  |q electrónico 
020 |z 9791370063047 
024 7 |a 10.14679/4136  |2 doi 
050 1 4 |a B4568.O74 ebook 
100 1 |a Haro Honrubia, Alejandro de,  |e author. 
245 1 0 |a José Ortega y Gasset y la antropología social /  |c Alejandro de Haro Honrubia. 
264 1 |a Madrid :  |b Dykinson, S.L.,  |c [2025] 
300 |a 1 online resource. 
336 |a text  |b txt  |2 rdacontent 
337 |a computer  |b c  |2 rdamedia 
338 |a online resource  |b cr  |2 rdacarrier 
347 |a text file  |2 rdaft 
347 |b PDF 
504 |a Includes bibliographical references. 
588 0 |a Online resource; title from PDF title page (Digitalia, viewed November 6, 2025) 
600 1 0 |a Ortega y Gasset, José,  |d 1883-1955. 
650 0 |a Ethnology. 
791 2 |a Digitalia (Firm),  |e distributor. 
793 0 |g Digitalia eBook Collection:  |a Dykinson Editorial 
776 0 8 |i Print version:  |a Haro Honrubia, Alejandro de.  |t José Ortega y Gasset y la antropología social.  |d Madrid : Dykinson, S.L., [2025]  |z 9791370063047 
856 4 0 |3 Digitalia Hispánica  |u https://www.digitaliapublishing.com/a/180107/ 
910 |a Premium collection: 2025